Normal view
MARC view
Entry Topical Term
001 - CONTROL NUMBER
- control field: 28270
003 - CONTROL NUMBER IDENTIFIER
- control field: OSt
005 - DATE AND TIME OF LATEST TRANSACTION
- control field: 20230721143049.0
008 - FIXED-LENGTH DATA ELEMENTS
- fixed length control field: 230721|| aca||aabn | a|a d
040 ## - CATALOGING SOURCE
- Original cataloging agency: OSt
- Transcribing agency: OSt
150 ## - HEADING--TOPICAL TERM
- Geographic subdivision: ရှမ်းပြည်နယ်။
670 ## - SOURCE DATA FOUND
- Source citation: Work cat.: (OSt): ဘိုသိန်း၊ တောင်တွင်း-။ 28269, ရှမ်းရိုးမငွေတောင်တန်း ရွှေကြာပန်းတို့ပွင့်လေပြီ /, ၁၉၉၂။